000 00636nam a22002057a 4500
003 OSt
005 20230125130739.0
008 171014s2003 cr||||| |||| 00| 0 spa d
020 _a84 451 1434 4
040 _cLado V
082 0 4 _a708
_bLl792c
100 _9613
_aLlorca, Pablo
_ecurador
245 _aLa Cicatriz Interior/
260 _bComunidad de Madrid
_c1998
_aEspaƱa
300 _a118p.
_c23x26cm
650 _2Tesauro de Arte & Arquitectura
_aARTE
650 _2Tesauro de Arte & Arquitectura
_aCOLECCION
650 _2Tesauro de Arte & Arquitectura
_aCATALOGO
942 _2ddc
_c1
_h708
_iLl792c
_n0
999 _c2879
_d2879